The reconstruction of life /

Сохранить в:
Библиографические подробности
Главный автор: Wingfield-Stratford, Esmé Cecil, 1882-
Формат:
Язык:English
Опубликовано: London : Collins, 1923.
Предметы:
LEADER 01000nam a2200253 a 4500
001 c000386064
003 CARM
005 00000000000000.0
008 951019s1923 enk 001 0 eng
019 1 |a 11906952  |z 28464722  |5 LACONCORD2021 
035 |a (OCoLC)20664152  |5 LACONCORD2021 
040 |a VDU  |b eng  |c VDU 
082 0 4 |a 210  |2 21 
100 1 |a Wingfield-Stratford, Esmé Cecil,  |d 1882- 
245 1 4 |a The reconstruction of life /  |c by Esmé Wingfield-Stratford. 
260 |a London :  |b Collins,  |c 1923. 
300 |a 3 p. 281, p. ;  |c 23 cm. 
500 |a The author proposes the establishment of a world brotherhood, the "Din Ilahi, or Order of the divine faith"--Appendix, p. 276. 
504 |a Includes index. 
650 0 |a Conduct of life. 
650 0 |a Love. 
852 8 |b CARM  |h A3:AB18A0  |i B11676  |p 0475835  |f BK 
999 f f |i 8298efed-8636-5f07-896d-69238bbcd888  |s eca7f4d8-427a-5ccf-b4fc-30de44345eb4 
952 f f |p Can circulate  |a CAVAL  |b CAVAL  |c CAVAL  |d CARM 1 Store  |e B11676  |f A3:AB18A0  |h Other scheme  |i book  |m 0475835